[Event "FRA-ch"]
[Site "France"]
[Date "1996.??.??"]
[Round "4"]
[White "Marciano, David"]
[Black "Chomet, Pascal"]
[Result "1-0"]
[WhiteElo "2480"]
[BlackElo "2385"]
[PlyCount "83"]
[EventDate "1996.??.??"]
[Source "ChessBase"]

1. e4 e5 2. d4 exd4 3. Qxd4 Nc6 4. Qe3 Nf6 5. Nc3 Bb4 6. Bd2 O-O 7. O-O-O d6 8. f3 Re8 9. Qf2 Ne5 10. h4 c6 11. a3 Ba5 12. h5 d5 13. exd5 cxd5 14. g4 d4 15. Be1 Bxg4 16. fxg4 Nexg4 17. Qh4 Re5 18. Nf3 Rxh5 19. Qxh5 Nxh5 20. Rxh5 Bb6 21. Nd5 g6 22. Rg5 Nh2 23. Nxb6 Nxf3 24. Rg3 axb6 25. Rxf3 Qd5 26. Rfd3 Qa2 27. Rb3 Rc8 28. Kd2 h5 29. Bf2 Rd8 30. Bc4 b5 31. Bxb5 d3 32. Bxd3 g5 33. Be3 Rd5 34. Kc3 b5 35. Bh7+ Kxh7 36. Rxd5 f6 37. Bxg5 fxg5 38. Rxg5 Qb1 39. Rxh5+ Kg6 40. Rbxb5 Qe1+ 41. Kb3 Qe6+ 42. Rhd5 1-0

[Event "First Saturday GM - Giugno 2007"]
[Site "Budapest UNG"]
[Date "2007.06.05"]
[Round "4"]
[White "Haznedaroglu, Kivanc"]
[Black "Roussel-Roozman, Thomas"]
[Result "1/2-1/2"]
[WhiteElo "2440"]
[BlackElo "2422"]
[PlyCount "28"]
[EventDate "2007.06.02"]
[Source "www.chesslib.no"]
[SourceDate "2004.05.04"]

1. e4 e5 2. d4 exd4 3. Qxd4 Nc6 4. Qe3 Nf6 5. Bd2 Be7 6. Nc3 d5 7. exd5 Nxd5 8. Nxd5 Qxd5 9. Ne2 Bf5 10. Nc3 Qe5 11. Bb5 Qxe3+ 12. Bxe3 Bd7 13. O-O-O O-O-O 14. Bf4 Be6 1/2-1/2

[Event "Ch St. Petersburg"]
[Site "St. Petersburg (Russia)"]
[Date "2007.06.07"]
[Round "10"]
[White "Solovjov Sergey I (RUS)"]
[Black "Matlakov Maxim (RUS)"]
[Result "1-0"]
[WhiteElo "2417"]
[BlackElo "2440"]
[PlyCount "131"]
[EventDate "2007.??.??"]
[Source "www.chesslib.no"]
[SourceDate "2004.05.04"]

1. e4 e5 2. d4 exd4 3. Qxd4 Nc6 4. Qe3 Nf6 5. Nc3 Bb4 6. Bd2 O-O 7. O-O-O Re8 8. Bc4 d6 9. Nf3 Ng4 10. Qf4 Nce5 11. h3 Nf6 12. Nxe5 Rxe5 13. Bd3 Nd7 14. a3 Ba5 15. Qg3 Bxc3 16. Bxc3 Qg5+ 17. Qxg5 Rxg5 18. g4 Nc5 19. f4 Nxd3+ 20. Rxd3 Rc5 21. e5 Bd7 22. exd6 cxd6 23. Rxd6 Bc6 24. Re1 h5 25. g5 Rf5 26. Rd4 Kh7 27. Kd2 f6 28. h4 fxg5 29. fxg5 Raf8 30. Rd6 Rd5+ 31. Rxd5 Bxd5 32. Re5 Rd8 33. Bd4 Bc6 34. Kc3 a6 35. Re7 Rd7 36. Rxd7 Bxd7 37. Kb4 Kg6 38. Kc5 Kf7 39. Kd6 Bc6 40. c4 g6 41. b4 Ke8 42. Bf6 Ba4 43. Kc7 Bb3 44. c5 Bd5 45. a4 Bc6 46. a5 Bf3 47. Bd4 Bc6 48. b5 Bxb5 49. Kxb7 Kd7 50. Bc3 Ba4 51. Kxa6 Kc6 52. Ka7 Bb5 53. Bd4 Kc7 54. Be5+ Kc6 55. Bd6 Bd3 56. Kb8 Ba6 57. Be7 Bb7 58. Ka7 Bc8 59. a6 Kc7 60. Bf8 Kc6 61. Bd6 Kb5 62. Kb8 Bxa6 63. Kc7 Kc4 64. Kb6 Bc8 65. c6 Kd5 66. Bg3 1-0

[Event "IV Campionato UE"]
[Site "Liverpool ING"]
[Date "2008.09.12"]
[Round "4"]
[White "Rudd, J."]
[Black "Haslinger, S."]
[Result "0-1"]
[WhiteElo "2345"]
[BlackElo "2511"]
[PlyCount "84"]
[EventDate "2008.09.09"]
[Source "www.chesslib.no"]
[SourceDate "2004.05.04"]

1. e4 e5 2. d4 exd4 3. Qxd4 Nc6 4. Qe3 Nf6 5. Nc3 Bb4 6. Bd2 O-O 7. O-O-O Re8 8. Qg3 Nxe4 9. Nxe4 Rxe4 10. c3 Be7 11. Nf3 d6 12. h3 Ne5 13. Ng5 Ra4 14. f4 Bxg5 15. fxe5 Bxd2+ 16. Rxd2 Rxa2 17. Kb1 Ra5 18. exd6 Be6 19. Be2 cxd6 20. Rxd6 Qe7 21. Re1 Ba2+ 22. Kc2 Re5 23. Rd2 Re8 24. Qf4 Re4 25. Qf3 Bc4 26. Bxc4 Rxe1 27. Rd4 Re3 28. Qd1 Qg5 29. g4 a6 30. Qf1 Qg6+ 31. Bd3 Qc6 32. g5 Qf3 33. Qxf3 Rxf3 34. h4 g6 35. Rd7 b5 36. Rd4 Kg7 37. Kb3 Ree3 38. Bc2 Rf2 39. Bd1 Rg3 40. Ka3 a5 41. Bb3 b4+ 42. cxb4 Rff3 0-1

[Event "Chicago Open"]
[Site "Chicago, IL USA"]
[Date "1996.??.??"]
[Round "?"]
[White "Shabalov, Alexander"]
[Black "Martinovsky, Eugene"]
[Result "1-0"]
[WhiteElo "2570"]
[BlackElo "2285"]
[PlyCount "77"]
[EventDate "1996.??.??"]
[Source "www.chesslib.no"]
[SourceDate "2004.05.04"]

1. e4 e5 2. d4 exd4 3. Qxd4 Nc6 4. Qe3 Nf6 5. Nc3 Bb4 6. Bd2 O-O 7. O-O-O Re8 8. Qg3 Rxe4 9. a3 Ba5 10. f3 Re8 11. Nge2 d6 12. h4 Nh5 13. Qh2 f5 14. Bg5 Qd7 15. g4 fxg4 16. fxg4 Qxg4 17. Rg1 Qf5 18. Ng3 Nxg3 19. Qxg3 Bxc3 20. Qxc3 Ne5 21. Qxc7 Bd7 22. Bc4+ Nxc4 23. Qxc4+ Be6 24. Qd4 Rac8 25. Rd2 Qc5 26. Be3 g6 27. Qd3 Qh5 28. Rg5 Qh6 29. h5 Bc4 30. Qd4 Qg7 31. hxg6 hxg6 32. Qg4 Bf7 33. Bd4 Qh6 34. b3 Rc6 35. Kb2 Re4 36. Qxe4 Qxg5 37. Rh2 Kf8 38. Rh8+ Bg8 39. Rxg8+ 1-0

[Event "It (cat.8)"]
[Site "Marianske Lazne (Czech Republ"]
[Date "2007.01.26"]
[Round "10"]
[White "Voloshin Leonid (CZE)"]
[Black "Klima Lukas (CZE)"]
[Result "1/2-1/2"]
[WhiteElo "2446"]
[BlackElo "2407"]
[PlyCount "30"]
[EventDate "2007.??.??"]
[Source "www.chesslib.no"]
[SourceDate "2004.05.04"]

1. e4 e5 2. d4 exd4 3. Qxd4 Nc6 4. Qe3 Nf6 5. Nc3 Bb4 6. Bd2 O-O 7. O-O-O d6 8. f3 Be6 9. a3 Bc5 10. Qg5 Ne8 11. Qxd8 Rxd8 12. Nge2 a6 13. Ng3 Nf6 14. Bd3 Ne5 15. Be2 Nc6 1/2-1/2

[Event "Swidnica op-A"]
[Site "?"]
[Date "2000.??.??"]
[Round "7"]
[White "Mikhaletz Lubomir"]
[Black "Pinkas Karol"]
[Result "1-0"]
[WhiteElo "2510"]
[BlackElo "2340"]
[PlyCount "95"]
[EventDate "2000.??.??"]
[Source "www.chesslib.no"]
[SourceDate "2004.05.04"]

1. e4 e5 2. d4 exd4 3. Qxd4 Nc6 4. Qe3 Nf6 5. Nc3 Be7 6. Bc4 Nb4 7. Bb3 d5 8. Nf3 dxe4 9. Nxe4 O-O 10. Bd2 a5 11. O-O-O Nbd5 12. Nxf6+ Bxf6 13. Qe4 c6 14. c4 Re8 15. Qb1 Ne7 16. Bc2 Qb6 17. Be3 Qb4 18. Bxh7+ Kh8 19. Bd3 Bf5 20. Nd4 Bxd3 21. Qxd3 Rad8 22. Qc2 b5 23. Rd2 Qxc4 24. Qxc4 bxc4 25. Rhd1 Rd5 26. g4 Red8 27. Ne2 Kh7 28. Bd4 Bh4 29. Kc2 f5 30. h3 Ng6 31. Nc3 R5d7 32. gxf5 Ne7 33. Bb6 Rxd2+ 34. Rxd2 Ra8 35. Bd8 Ra7 36. Bxe7 Bxe7 37. Rd4 Bb4 38. Ne4 Rb7 39. Rxc4 Rb5 40. f6 gxf6 41. Nxf6+ Kg7 42. Rxc6 Re5 43. a3 Be1 44. Ng4 Rd5 45. Re6 Bd2 46. Re5 Rd7 47. Ne3 Be1 48. Nf5+ 1-0

[Event "Swidnica op-A"]
[Site "?"]
[Date "2000.??.??"]
[Round "5"]
[White "Mikhaletz Lubomir"]
[Black "Bochkarev Alexander"]
[Result "1-0"]
[WhiteElo "2510"]
[BlackElo "2330"]
[PlyCount "83"]
[EventDate "2000.??.??"]
[Source "www.chesslib.no"]
[SourceDate "2004.05.04"]

1. e4 e5 2. d4 exd4 3. Qxd4 Nc6 4. Qe3 Bb4+ 5. Nc3 d6 6. Bd2 a6 7. Qg3 Qf6 8. Nf3 Nge7 9. Bd3 h5 10. h3 h4 11. Qh2 Be6 12. O-O-O Rh5 13. a3 Ba5 14. Kb1 O-O-O 15. e5 Rxe5 16. Nxe5 Qxe5 17. Bf4 Qh5 18. Ne4 f6 19. g4 Qf7 20. Bd2 Bb6 21. f4 Nd4 22. Rhf1 Ba2+ 23. Ka1 f5 24. Ng5 Qd5 25. Bc3 Bc4 26. Rfe1 Bxd3 27. Rxd3 Nec6 28. Red1 Qc4 29. b3 Qc5 30. Ka2 Nb5 31. Bb2 Re8 32. c4 Nba7 33. Rd5 Qe3 34. gxf5 a5 35. R5d3 Qe7 36. Ne6 g6 37. Ng7 Rf8 38. fxg6 a4 39. Qg2 axb3+ 40. Rxb3 Na5 41. Qg4+ Kd8 42. Ne6+ 1-0

[Event "VII Memorial Pablo Gorbea"]
[Site "Madrid"]
[Date "2003.09.04"]
[Round "4"]
[White "Paragua, Mark"]
[Black "Leyva, Ricardo"]
[Result "0-1"]
[WhiteElo "2500"]
[BlackElo "2338"]
[PlyCount "96"]
[EventDate "2003.09.01"]
[Source "Roberto Alvarez"]
[SourceDate "2003.09.15"]

1. e4 e5 2. d4 exd4 3. Qxd4 Nc6 4. Qe3 Nf6 5. Nc3 Bb4 6. Bd2 O-O 7. O-O-O Re8 8. Qg3 Rxe4 9. a3 Bd6 10. f4 Re8 11. Nf3 Bc5 12. Bd3 d6 13. f5 Bd7 14. Rde1 Ne5 15. Nxe5 dxe5 16. Bh6 Bf8 17. Bg5 Bc6 18. Rxe5 Rxe5 19. Qxe5 Bd6 20. Qd4 Be7 21. Qc4 Nd7 22. Bxe7 Qxe7 23. Be4 Nb6 24. Qb4 Qg5+ 25. Kb1 a5 26. Qd4 Rd8 27. Qc5 Na4 28. Nxa4 Bxe4 29. Qxc7 Bxf5 30. Nc3 h5 31. h4 Qd2 32. Qxb7 Qxc2+ 33. Ka1 a4 34. Re1 Rd2 35. g3 Qb3 36. Qxb3 axb3 37. a4 Rg2 38. a5 Rxg3 39. a6 Rg6 40. Na4 Be4 41. Nc5 Bf3 42. Kb1 Rg4 43. Nxb3 Rxh4 44. Nc5 Rc4 45. Re5 h4 46. b3 Rd4 47. Re3 Bg2 48. a7 Rd8 0-1

[Event "Bethune"]
[Site "?"]
[Date "2000.12.27"]
[Round "3"]
[White "Degraeve Jean Marc"]
[Black "Lacrosse Marc"]
[Result "1-0"]
[WhiteElo "2540"]
[BlackElo "2298"]
[PlyCount "55"]
[EventDate "2000.??.??"]
[Source "www.chesslib.no"]
[SourceDate "2004.05.04"]

1. e4 e5 2. d4 exd4 3. Qxd4 Nc6 4. Qe3 Nf6 5. Nc3 Bb4 6. Bd2 O-O 7. O-O-O Re8 8. Bc4 d6 9. f3 Be6 10. Bxe6 Rxe6 11. Nge2 Re8 12. Qg5 Kh8 13. Qh4 Nd7 14. Bg5 f6 15. Bd2 Nde5 16. Kb1 Qd7 17. Bc1 Qf7 18. f4 Nd7 19. Rd3 Nc5 20. Re3 Re7 21. f5 Rae8 22. Rh3 g5 23. fxg6 Qxg6 24. Rg3 Qf7 25. Qh6 Rxe4 26. Nxe4 Rxe4 27. Qh3 Ne6 28. Re3 1-0

[Event "POL-chT2"]
[Site "Polanica Zdroj"]
[Date "1999.??.??"]
[Round "6"]
[White "Mikhaletz, Lubomir"]
[Black "Sygulski, Boguslaw"]
[Result "1-0"]
[WhiteElo "2485"]
[BlackElo "2346"]
[PlyCount "40"]
[EventDate "1999.??.??"]
[Source "www.chesslib.no"]
[SourceDate "2004.05.04"]

1. e4 e5 2. d4 exd4 3. Qxd4 Nc6 4. Qe3 Nf6 5. Nc3 Bb4 6. Bd2 O-O 7. O-O-O Re8 8. Bc4 d6 9. Nh3 Be6 10. Bxe6 Rxe6 11. Nf4 Re8 12. f3 Ne5 13. Qe2 c6 14. g4 Ng6 15. Nxg6 hxg6 16. h4 Qa5 17. h5 gxh5 18. gxh5 Rf8 19. h6 g6 20. a3 Bxa3 1-0

[Event "POL-ch sf"]
[Site "Czestochowa"]
[Date "1998.??.??"]
[Round "7"]
[White "Pedzich, Dominik"]
[Black "Weglarz, Leszek"]
[Result "1-0"]
[WhiteElo "2435"]
[BlackElo "2395"]
[PlyCount "47"]
[EventDate "1998.10.??"]
[Source "www.chesslib.no"]
[SourceDate "2004.05.04"]

1. e4 e5 2. d4 exd4 3. Qxd4 Nc6 4. Qe3 Nf6 5. Nc3 Bb4 6. Bd2 O-O 7. O-O-O Re8 8. Qg3 Nxe4 9. Nxe4 Rxe4 10. Bf4 d6 11. Bd3 Re8 12. Nf3 Be6 13. Bh6 g6 14. h4 d5 15. h5 Bd6 16. Bf4 Bxf4+ 17. Qxf4 Qd6 18. Qh4 Qe7 19. hxg6 fxg6 20. Ng5 Bf5 21. Bxf5 gxf5 22. Rd3 f4 23. Qxf4 Rf8 24. Qg3 1-0

[Event "Tula1"]
[Site "?"]
[Date "2001.??.??"]
[Round "3"]
[White "Varavin Viktor"]
[Black "Gusev Aleksey"]
[Result "1-0"]
[WhiteElo "2445"]
[BlackElo "2383"]
[PlyCount "67"]
[EventDate "2001.??.??"]
[Source "www.chesslib.no"]
[SourceDate "2004.05.04"]

1. e4 e5 2. d4 exd4 3. Qxd4 Nc6 4. Qe3 Bb4+ 5. Nc3 Nf6 6. Bd2 O-O 7. O-O-O Re8 8. Qg3 Rxe4 9. a3 Rg4 10. Qe3 Bf8 11. h3 Rg6 12. Bd3 d5 13. Bxg6 hxg6 14. Qe2 Be6 15. Nf3 a6 16. Bg5 b5 17. Ne4 Be7 18. Nxf6+ gxf6 19. Be3 b4 20. axb4 Nxb4 21. Nd4 Bd7 22. Rhe1 c5 23. Bd2 Bf8 24. Bxb4 cxb4 25. Qf3 Qa5 26. Kb1 Rc8 27. h4 Qc5 28. g4 Bg7 29. Rd2 a5 30. h5 a4 31. hxg6 b3 32. gxf7+ Kxf7 33. g5 bxc2+ 34. Nxc2 1-0

[Event "It (Open) INT"]
[Site "?"]
[Date "2006.05.06"]
[Round "?"]
[White "Ekdyshman Mikhail"]
[Black "Krivonosov Oleg"]
[Result "1-0"]
[WhiteElo "2395"]
[BlackElo "2432"]
[PlyCount "139"]
[EventDate "2006.??.??"]
[Source "www.chesslib.no"]
[SourceDate "2004.05.04"]

1. e4 e5 2. d4 exd4 3. Qxd4 Nc6 4. Qe3 Nf6 5. Nc3 Bb4 6. Bd2 O-O 7. O-O-O Re8 8. Bc4 d6 9. Nh3 Bxh3 10. gxh3 Ne5 11. Bb3 a5 12. f4 Ng6 13. f5 Ne5 14. Rhg1 Bxc3 15. Bxc3 Nfd7 16. Qh6 Qf6 17. Qf4 a4 18. Bc4 Nb6 19. Bb5 c6 20. Be2 d5 21. Kb1 dxe4 22. Qxe4 Nd5 23. Bd4 Rad8 24. Qg2 Nf4 25. Qf1 Nxe2 26. Qxe2 h6 27. Qg2 a3 28. h4 Rxd4 29. Rxd4 Nf3 30. Rb4 Nxg1 31. Qxg1 b5 32. bxa3 Qxf5 33. Rg4 Qe5 34. Qf2 Qe1+ 35. Qxe1 Rxe1+ 36. Kb2 Re3 37. Rd4 Re5 38. Rd6 Rc5 39. Kb3 Rc4 40. h5 f5 41. a4 Rxa4 42. Rxc6 f4 43. Rc5 f3 44. Rf5 Rh4 45. Rxf3 Rxh5 46. h3 Re5 47. c3 g5 48. Rf6 Kg7 49. Rb6 h5 50. Rb7+ Kg6 51. Rb6+ Kf5 52. c4 bxc4+ 53. Kxc4 g4 54. hxg4+ hxg4 55. Rb8 Kf4 56. Rf8+ Rf5 57. Rg8 Rg5 58. Rf8+ Rf5 59. Rg8 Rg5 60. Rd8 Re5 61. Rc8 Re4+ 62. Kd3 g3 63. Rf8+ Kg5 64. Kxe4 g2 65. Rg8+ Kf6 66. Rxg2 Ke6 67. a4 Kd6 68. Kd4 Kc6 69. Rg5 Kb6 70. Kc4 1-0

[Event "Itau Cup 6th"]
[Site "Sao Paulo"]
[Date "2002.09.29"]
[Round "3"]
[White "Benares de sa Leitao, Ricardo"]
[Black "Mikhalevski, Victor"]
[Result "0-1"]
[WhiteElo "2307"]
[BlackElo "2520"]
[PlyCount "26"]
[EventDate "2002.09.28"]
[Source "ChessBase"]
[SourceDate "2002.11.06"]

1. e4 e5 2. d4 exd4 3. Qxd4 Nc6 4. Qe3 g6 5. Nc3 Bg7 6. Bd2 Nf6 7. O-O-O O-O 8. Bc4 Re8 9. Nh3 Na5 10. Bd3 d5 11. Nxd5 Nxd5 12. Qc5 Qf6 13. c3 Bxh3 0-1

[Event "Balatonlelle HUN"]
[Site "?"]
[Date "2006.06.21"]
[Round "5.8"]
[White "Papp Gellert"]
[Black "Pinter Jozsef"]
[Result "0-1"]
[WhiteElo "2291"]
[BlackElo "2532"]
[PlyCount "154"]
[EventDate "2006.??.??"]
[Source "www.chesslib.no"]
[SourceDate "2004.05.04"]

1. e4 e5 2. d4 exd4 3. Qxd4 Nc6 4. Qe3 Nb4 5. Na3 b6 6. Bd2 Bb7 7. Bc4 Qe7 8. O-O-O O-O-O 9. f3 d5 10. Bxb4 Qxb4 11. Bxd5 Bxd5 12. Rxd5 Rxd5 13. exd5 Nf6 14. Ne2 Bc5 15. Qd3 Qa5 16. Nc3 Bxa3 17. bxa3 Qxa3+ 18. Kb1 Rd8 19. Qc4 a6 20. Rd1 b5 21. Qc6 Rd6 22. Qa8+ Kd7 23. Rd3 Qb4+ 24. Ka1 Qf4 25. Kb1 Qb4+ 26. Ka1 Qc5 27. Kb2 b4 28. Ne4 Nxe4 29. fxe4 Rf6 30. Rf3 Qd4+ 31. Kc1 Qxe4 32. Rxf6 Qe1+ 33. Kb2 Qc3+ 34. Kb1 Qxf6 35. Qf8 a5 36. g3 g6 37. Qa8 Qf1+ 38. Kb2 Qb5 39. Kb3 Qc5 40. Kb2 h5 41. Kb1 Ke7 42. Kb2 g5 43. Kb1 g4 44. Kb2 Kd7 45. Kb1 Qb5 46. Kb2 a4 47. c4 Qxc4 48. Qxa4+ Kd6 49. Qe8 Qc3+ 50. Kb1 Qd3+ 51. Kb2 Qd2+ 52. Kb1 Qxd5 53. Qd8+ Kc6 54. Qa8+ Kd6 55. Qd8+ Ke6 56. Qxc7 Qh1+ 57. Kb2 Qxh2+ 58. Kb3 Qd2 59. Qc6+ Qd6 60. Qe8+ Qe7 61. Qh8 Qc5 62. Qe8+ Kf6 63. Qh8+ Ke7 64. Ka4 Qc6+ 65. Kxb4 Qd6+ 66. Kb5 Qd3+ 67. Kb4 Qxg3 68. Qxh5 Qf4+ 69. Kb3 g3 70. Qc5+ Kf6 71. Qc6+ Kg5 72. a4 Qe3+ 73. Kb4 Qd2+ 74. Kb5 g2 75. Qc5+ Kg6 76. a5 Qe2+ 77. Kb4 Qg4+ 0-1

[Event "Ch St. Petersburg"]
[Site "St. Petersburg (Russia)"]
[Date "2007.06.04"]
[Round "7"]
[White "Solovjov Sergey I (RUS)"]
[Black "Smirnov Artem (RUS)"]
[Result "0-1"]
[WhiteElo "2417"]
[BlackElo "2403"]
[PlyCount "72"]
[EventDate "2007.??.??"]
[Source "www.chesslib.no"]
[SourceDate "2004.05.04"]

1. e4 e5 2. d4 exd4 3. Qxd4 Nc6 4. Qe3 g6 5. Nc3 Bg7 6. Bd2 Nf6 7. e5 Ng4 8. Qg3 h5 9. Nf3 d6 10. Bg5 f6 11. exf6 Bxf6 12. h4 Qe7+ 13. Be2 Bxg5 14. Nxg5 Bf5 15. Nd5 Qg7 16. Bxg4 hxg4 17. Qe3+ Kd7 18. O-O-O Rae8 19. Qc3 Qxc3 20. Nxc3 Nd8 21. Nd5 Re2 22. Rd2 Rxd2 23. Kxd2 Ne6 24. Nxe6 Bxe6 25. Ne3 d5 26. c3 c5 27. g3 Kd6 28. Re1 Rf8 29. Nd1 d4 30. cxd4 cxd4 31. b3 Rf3 32. Rh1 Rf5 33. Rh2 Ra5 34. Kd3 Rxa2 35. h5 Bxb3 36. Rh1 a5 0-1

[Event "Sants"]
[Site "?"]
[Date "2006.08.02"]
[Round "9"]
[White "Garcia Castro Pablo"]
[Black "Lopez Martinez Josep Manuel"]
[Result "0-1"]
[WhiteElo "2336"]
[BlackElo "2480"]
[PlyCount "94"]
[EventDate "2006.??.??"]
[Source "www.chesslib.no"]
[SourceDate "2004.05.04"]

1. e4 e5 2. d4 exd4 3. Qxd4 Nc6 4. Qe3 g6 5. Nc3 Bg7 6. Bd2 d6 7. O-O-O Nf6 8. Nge2 O-O 9. Nf4 Re8 10. f3 Be6 11. Qf2 d5 12. Nxe6 Rxe6 13. Be3 Rd6 14. Bc5 Rd7 15. Bb5 dxe4 16. Bxc6 bxc6 17. Rxd7 Qxd7 18. Nxe4 Nxe4 19. fxe4 Qe6 20. Kb1 Qxe4 21. Re1 Qc4 22. c3 Qd3+ 23. Qc2 Qd5 24. Bg1 a5 25. Rd1 Qe6 26. Bd4 Bf8 27. Qf2 Re8 28. Qf6 Qxf6 29. Bxf6 Bd6 30. h4 h5 31. c4 Re2 32. c5 Be7 33. Bc3 Rxg2 34. Rd7 Kf8 35. Rxc7 f5 36. Rxc6 f4 37. Rc8+ Kf7 38. c6 f3 39. Bd4 f2 40. Bxf2 Rxf2 41. c7 Rf1+ 42. Kc2 Rf5 43. Kd3 Rc5 44. Kd4 Bd6 45. Rd8 Bxc7 46. Rd7+ Ke6 47. Rg7 Be5+ 0-1

[Event "Pools schev"]
[Site "Singapore"]
[Date "1997.??.??"]
[Round "8"]
[White "Tunasly, Kifly"]
[Black "Peng Xiaomin"]
[Result "1/2-1/2"]
[WhiteElo "2315"]
[BlackElo "2500"]
[PlyCount "64"]
[EventDate "1997.05.31"]
[Source "ChessBase"]
[SourceDate "1997.07.29"]

1. e4 e5 2. d4 exd4 3. Qxd4 Nc6 4. Qe3 Nf6 5. Nc3 Bb4 6. Bd2 O-O 7. O-O-O Re8 8. Bc4 Na5 9. Bd3 d5 10. Qf4 Bd6 11. Qh4 dxe4 12. Nxe4 Nxe4 13. Qxd8 Rxd8 14. Bxe4 Nc4 15. Bg5 Re8 16. Bd5 Nb6 17. Bf3 h6 18. Bd2 Bc5 19. Nh3 c6 20. b4 Bf8 21. Nf4 a5 22. bxa5 Nc4 23. Bc3 Ba3+ 24. Kb1 Bf5 25. Rhe1 Rxe1 26. Rxe1 Bd6 27. Be4 Bg4 28. h3 Bxf4 29. hxg4 Bd2 30. Bxd2 Nxd2+ 31. Kb2 Nxe4 32. Rxe4 Rxa5 1/2-1/2

[Event "RUS-Cup9"]
[Site "Novgorod"]
[Date "1997.06.11"]
[Round "1"]
[White "Dubinsky, Roman"]
[Black "Kharitonov, Andrei Y"]
[Result "0-1"]
[WhiteElo "2295"]
[BlackElo "2520"]
[PlyCount "74"]
[EventDate "1997.06.11"]
[Source "ChessBase"]
[SourceDate "1997.10.13"]

1. e4 e5 2. d4 exd4 3. Qxd4 Nc6 4. Qe3 Nf6 5. Nc3 Be7 6. Bc4 O-O 7. Nge2 Ne5 8. Bb3 Nfg4 9. Qf4 h6 10. Qd2 Bc5 11. Nd1 Qh4 12. Ng3 d5 13. Qc3 Qe7 14. a3 Rd8 15. h3 d4 16. Qd2 Nf6 17. f4 Ned7 18. Qe2 Bb6 19. Bc4 Nc5 20. Nf2 Ncxe4 21. Bd3 Re8 22. Nfxe4 Nxe4 23. Nxe4 Bf5 24. O-O Bxe4 25. f5 Qf6 26. Kh1 Bxd3 27. Qxd3 Re5 28. Bf4 Re7 29. Qg3 Rae8 30. Qg4 Re4 31. Rad1 c5 32. Qh5 c4 33. Rf3 Re2 34. h4 R8e4 35. Bg5 hxg5 36. hxg5 Qe5 37. Rh3 Re1+ 0-1

[Event "Zalakaros op"]
[Site "Zalakaros"]
[Date "1997.??.??"]
[Round "6"]
[White "Volkmann, Friedrich"]
[Black "Vajda, Levente"]
[Result "0-1"]
[WhiteElo "2380"]
[BlackElo "2435"]
[PlyCount "132"]
[EventDate "1997.??.??"]
[Source "www.chesslib.no"]
[SourceDate "2004.05.04"]

1. e4 e5 2. d4 exd4 3. Qxd4 Nc6 4. Qe3 d6 5. Nc3 g6 6. Qg3 Bg7 7. Bg5 Nf6 8. Nd5 h6 9. Nxf6+ Bxf6 10. Bxf6 Qxf6 11. O-O-O Be6 12. Ne2 O-O-O 13. Nc3 a6 14. Nd5 Bxd5 15. exd5 Ne5 16. f4 Nd7 17. Qe3 Rhe8 18. Qd4 Qxd4 19. Rxd4 Re1+ 20. Rd1 Rde8 21. g3 Kd8 22. Rxe1 Rxe1+ 23. Kd2 Ra1 24. a3 Nb6 25. Bg2 Nc4+ 26. Kc3 Rxh1 27. Bxh1 Ne3 28. h3 f5 29. Kd3 Nd1 30. Kd4 Nxb2 31. g4 fxg4 32. hxg4 Ke7 33. g5 hxg5 34. fxg5 Na4 35. Be4 Kf7 36. Bf3 Nb6 37. Bg4 Ke7 38. c4 Nd7 39. Be2 Ne5 40. Bd1 Nf7 41. Bc2 Nxg5 42. Bxg6 Nf3+ 43. Kc3 Kf6 44. Bh5 Nh4 45. Bg4 Nf5 46. Kb4 Ke5 47. a4 b6 48. Bh3 Ne7 49. Bg4 Kd4 50. Bh3 Ng6 51. Bc8 a5+ 52. Kb5 Ne5 53. Bf5 Nxc4 54. Kc6 Ne5+ 55. Kxc7 Kc5 56. Be4 Nc4 57. Kb7 Nd2 58. Bc2 Kxd5 59. Kxb6 Nc4+ 60. Ka6 Kc5 61. Bd3 d5 62. Bf1 Kb4 63. Bg2 d4 64. Bf1 Nb2 65. Bb5 d3 66. Bxd3 Nxd3 0-1

[Event "Corr"]
[Site "?"]
[Date "1999.02.15"]
[Round "?"]
[White "Oortwijn Ron A.( NED)"]
[Black "Thomson Thomas"]
[Result "0-1"]
[WhiteElo "2400"]
[BlackElo "2414"]
[PlyCount "72"]
[EventDate "1999.??.??"]
[Source "www.chesslib.no"]
[SourceDate "2004.05.04"]

1. e4 e5 2. d4 exd4 3. Qxd4 Nc6 4. Qe3 Nf6 5. Nc3 Bb4 6. Bd2 O-O 7. O-O-O Re8 8. Qg3 Rxe4 9. a3 Ba5 10. Be2 Re6 11. Bc4 Re8 12. Nf3 d6 13. Rhe1 Be6 14. Bxe6 Rxe6 15. Rxe6 fxe6 16. Ng5 Qd7 17. Qh3 Re8 18. Nce4 Bxd2+ 19. Rxd2 Qe7 20. Nxf6+ gxf6 21. Nf3 Qf7 22. Rd3 Kh8 23. Nd4 Nxd4 24. Rxd4 d5 25. Rh4 c5 26. Rh6 Rf8 27. g4 b6 28. f4 e5 29. g5 fxg5 30. fxg5 Qf1+ 31. Qxf1 Rxf1+ 32. Kd2 Rf2+ 33. Kd1 Kg7 34. h4 Rf4 35. Re6 Rxh4 36. Rxe5 Re4 0-1